|
|
|
|
| LEADER |
00000cam a2200000 i 4500 |
| 001 |
1/85863 |
| 008 |
050920s1988 gr | ||| |||| ||gre|| |
| 035 |
|
|
|a 1989
|b 2
|c Δωρεά
|l 10080388
|
| 040 |
|
|
|a GR-MY-UA
|b gre
|e aacr
|
| 041 |
0 |
|
|a gre
|
| 082 |
7 |
|
|a 373.1909495
|2 (22)
|
| 100 |
1 |
|
|a Νούτσος, Χαράλαμπος Χ.,
|d 1946-
|
| 245 |
1 |
0 |
|a Προγράμματα μέσης εκπαίδευσης και κοινωνικός έλεγχος (1931-1973) /
|c Χαράλαμπος Νούτσος.
|
| 260 |
|
|
|a Αθήνα :
|b Θεμέλιο,
|c 1988.
|
| 300 |
|
|
|a 339 σ. :
|b πίν., σχεδ. ;
|c 21 εκ.
|
| 500 |
|
|
|a Αρχικά παρουσιάσθηκε ως διατριβή (διδακτορική) του συγγραφές -- Πανεπιστήμιο Ιωαννίνων, Φιλοσοφική Σχολή, 1979.
|
| 650 |
0 |
0 |
|a Education, Secondary
|z Greece
|x Curricula.
|
| 650 |
0 |
0 |
|a Educational sociology
|z Greece.
|
| 650 |
0 |
0 |
|a Education, Secondary
|x Aims and objectives.
|
| 650 |
0 |
0 |
|a Education
|z Greece
|y 20th century.
|
| 852 |
|
|
|a INST
|b RHODES
|e 20050920
|h 373.1909495 ΝΟΥ
|p 005400003493
|q 005400003493
|t BK
|y 0
|
| 909 |
|
|
|a Ρ
|b 014674
|
| 970 |
|
|
|a ΚΟΖΑ
|b ΜΑΡΙΑ
|z 2005/09/20
|